Nghiên cứu tôn giáo Nhật Bản = On understanding japanese religions

Αποθηκεύτηκε σε:
Λεπτομέρειες βιβλιογραφικής εγγραφής
Κύριος συγγραφέας: Josheph M. Kitagawa
Μορφή: Βιβλίο
Γλώσσα:Undetermined
Έκδοση: H. KHXH 2001
Θέματα:
Ετικέτες: Προσθήκη ετικέτας
Δεν υπάρχουν, Καταχωρήστε ετικέτα πρώτοι!
Thư viện lưu trữ: Trung tâm Học liệu Trường Đại học Cần Thơ
LEADER 00618nam a2200217Ia 4500
001 CTU_56650
008 210402s9999 xx 000 0 und d
020 |b 114000 
082 |a 299.56 
082 |b K62 
100 |a Josheph M. Kitagawa 
245 0 |a Nghiên cứu tôn giáo Nhật Bản = 
245 0 |b On understanding japanese religions 
245 0 |c Josheph M. Kitagawa; Hoàng Thị Thơ biên dịch 
260 |a H. 
260 |b KHXH 
260 |c 2001 
650 |a japan,shinto,buddhism 
650 |x religion 
650 |z japan 
980 |a Trung tâm Học liệu Trường Đại học Cần Thơ